Loreto College Library, Kolkata
WEBOPAC (ONLINE PUBLIC ACCESS CATALOGUE)

Eat your way to good health (Record no. 34082)

MARC details
000 -LEADER
fixed length control field 00496nam a2200181Ia 4500
008 - FIXED-LENGTH DATA ELEMENTS--GENERAL INFORMATION
fixed length control field 131103s9999 xx 000 0 und d
020 ## - ISBN | অাই এস বি এন
PRICE Rs..340.00
040 ## - CATALOGING SOURCE
Original cataloging agency Loreto College
041 ## - LANGUAGE CODE
Language code English
082 ## - DDC | ডিউই
Classification number | বর্গসংখ্যা REF
Book Number | গ্রন্থাঙ্ক LCBED/11292
100 ## - MAIN ENTRY--PERSONAL NAME | মুখ্য সংলেখ - ব্যাক্তিনাম
Personal name | ব্যাক্তিনাম Dalal, Tarla
245 ## - TITLE STATEMENT | অাখ্যা বিবরণী
Title | অাখ্যা Eat your way to good health
Sub title | উপঅাখ্যা a complete fitness guide for your family
Statement of responsibility | লেখকের দায়িত্বের বিবরণ Tarla Dalal
260 ## - IMPRINT | প্রকাশনা ক্ষেত্র
Place of publication | প্রকাশ স্থান Bombay
Name of publisher | প্রকাশকের নাম Health Pub.
Date of publication | প্রকাশ কাল 1992
300 ## - PHYSICAL DESCRIPTION |
Page / Vol. No | পৃষ্ঠা / খন্ড সংখ্যা 224p
Other physical details | অনান্য বাহ্যিক বিবরণ ill.
650 ## - SUBJECT ADDED ENTRY--TOPICAL TERM | বিষয় শিরোনাম - মূল বিষয়
Topical term | মূল বিষয় REF
850 ## - HOLDING INSTITUTION
Holding institution LCBED/REF
942 ## - ADDED ENTRY ELEMENTS (KOHA)
Koha item type Books
Holdings
Withdrawn status Lost status Damaged status Not for loan Home library Current library Date acquired Total Checkouts Full call number Accession No. Date last seen Price effective from Koha item type
        Loreto College Loreto College 04/11/2013   REF LCBED/11292 B36939 04/11/2013 04/11/2013 Books